UBT Library

A ka sjellë ndryshim krijimi i paqes në Kosovë ? : (Record no. 379)

000 -LEADER
fixed length control field 00662nam a22001817a 4500
008 - FIXED-LENGTH DATA ELEMENTS--GENERAL INFORMATION
fixed length control field 131129b xxu||||| |||| 00| 0 alb d
041 0# - LANGUAGE CODE
Language code of text/sound track or separate title alb
080 ## - UNIVERSAL DECIMAL CLASSIFICATION NUMBER
Universal Decimal Classification number 351.75
110 ## -
-- Care international
245 00 - TITLE STATEMENT
Title A ka sjellë ndryshim krijimi i paqes në Kosovë ? :
260 ## -
-- Kosovë :
-- Projekti për mësim të përbashkët ;
-- 2006.
300 ## -
-- 165 f. :
-- 24 cm.
500 ## -
-- Parathënie : VI-VII
650 #0 -
-- Paqja
-- Kosova
650 #0 -
-- Lufta
-- Kosova
650 #0 -
-- Administrata publike
-- Kosova
942 ## - ADDED ENTRY ELEMENTS (KOHA)
Source of classification or shelving scheme
Item type Books
Holdings
Withdrawn status Lost status Source of classification or shelving scheme Damaged status Not for loan Collection code Permanent location Current location Shelving location Date acquired Total Checkouts Full call number Barcode Date last seen Price effective from Koha item type
          Koleksioni i përgjithshem UBT - Prishtine UBT - Prishtine Koleksioni i përgjithshem 11/29/2013   351.75 AKA 001-000512 11/29/2013 11/29/2013 Books
UBT Library © 2015-2024. All rights reserved University Education for Business and Technology